000 01336nam a22002537a 4500
001 1346
005 20230818114842.0
008 230818b cb ||||| |||| 00| 0 eng d
020 _a9781847805072
040 _aFISKH
_beng
_cFISKH
_dFISKH
050 _aPZ7.M82818
082 _a823.92
100 _aMorris, Jackie
245 _aI am cat
_cJackie Morris
250 _aThis edition first published in Great Britain and the USA 2014
260 _aLondon :
_bFrances Lincoln,
_c2012
300 _a24 unnumbered pages :
_c15 cm
505 _aB
520 _aA cat sleeps, curled up in a warm place, and while it sleeps it dreams. . . of being a tiger, flame cat of the forest; a cheetah - fast as the wind on the African plains; a lion, lounging through the heat of the day, tangled in sunshine on the African savannah; a jaguar, perfectly camouflaged deep in the jungle. And the cat dreams of being a lynx, a puma, a snow leopard, a Scottish wild cat, an Asian fishing cat, and the rare Amur leopard. Finally Cat wakes, a domestic cat again, telling his dreams to the child who is stroking him. Ten wild habitats, ten wild cats and one domestic cat are dramatically and beautifully illustrated in this unique celebration of the cat.
521 _a140
_bLexile
521 _aB
_bRaz-Plus
650 _2Cat
942 _2ddc
_cBK
_n0
999 _c1346
_d1346